000 00940nam a22002897a 4500
003 CHAP
005 20220329140605.0
008 971013s r 10010 d
010 _a54387
011 _a55359
035 _a59511
040 _cCHAP
082 _a332.71
_bS4 1968
111 0 0 _aSeminario Latinoamericano sobre Crédito Rural (
_d1968
_c: San Salvador)
_9104189
245 _aMemoria
260 _aSan Salvador :
_bFederación de Cajas de Crédito,
_c(s.a.)
300 _a151 p.
590 _aBATCH-UPD
_b10
_c20130110
_lUCH01
_h0721
590 _aBATCH-UPD
_b10
_c20130410
_lUCH01
_h0406
590 _aBATCH-UPD
_b10
_c20130914
_lUCH01
_h1101
590 _aCONVERSION
_b10
_c20130109
_lUCH01
_h1329
650 1 4 _aCrédito agrícola
_xAmérica Latina.
_929027
650 1 4 _aCrédito agrícola
_xCongresos.
_929047
901 _aBK
942 _cLIBRO
949 _a332.71 S4 1968
_bBC
_cLIBRO
_d33724000338646
_eLIBRO
_h44555
_i59511
_si
999 _c54387
_d54387